| 000 | 00700cab a2200217 4500 | ||
|---|---|---|---|
| 001 | WB3304-36 | ||
| 008 | 090401t xxu||||| |||| 00| 0 eng d | ||
| 035 | _a(Sirsi) u33185 | ||
| 041 | _aeng | ||
| 245 | _aRoad traffic bill | ||
| 350 | _a0 | ||
| 490 |
_aFinancial Times _v22 January 197, 8(1) |
||
| 520 | _aGovernment is supporting the Road Traffic Reduction Bill. The bill proposes to allow local authorities to set targets for reducing traffic levels in their borough. | ||
| 650 | _aLOCAL AUTHORITIES | ||
| 650 | _aROAD TRAFFIC REDUCTION BILL | ||
| 650 | _aTRAFFIC CONGESTION | ||
| 650 | _aTRAFFIC REDUCTION | ||
| 690 | _aTRANSPORT AND COMMUNICATIONS | ||
| 942 | _n0 | ||
| 948 | _c04/03/1997 | ||
| 999 |
_c22185 _d22185 |
||